<?xml version="1.0" encoding="UTF-8"?>
<record
    xmlns:xsi="http://www.w3.org/2001/XMLSchema-instance"
    xsi:schemaLocation="http://www.loc.gov/MARC21/slim http://www.loc.gov/standards/marcxml/schema/MARC21slim.xsd"
    xmlns="http://www.loc.gov/MARC21/slim">

  <leader>02078ngm a2200421   4500</leader>
  <controlfield tag="003">dpl</controlfield>
  <controlfield tag="005">20080723110517.0</controlfield>
  <controlfield tag="007">DVD</controlfield>
  <controlfield tag="008">||||||sp199   xxu|||||c|||| 00| 0 eng d</controlfield>
  <datafield tag="010" ind1=" " ind2=" ">
    <subfield code="a">DVD-001053-1055  DVD-001622</subfield>
  </datafield>
  <datafield tag="024" ind1=" " ind2=" ">
    <subfield code="a">23787</subfield>
    <subfield code="c">499.00 </subfield>
  </datafield>
  <datafield tag="035" ind1=" " ind2=" ">
    <subfield code="a">DVD-001053-1055  DVD-001622</subfield>
  </datafield>
  <datafield tag="040" ind1=" " ind2=" ">
    <subfield code="a">DPL</subfield>
    <subfield code="c">DPL</subfield>
  </datafield>
  <datafield tag="082" ind1=" " ind2=" ">
    <subfield code="a">DVD / TRAN</subfield>
  </datafield>
  <datafield tag="245" ind1=" " ind2=" ">
    <subfield code="a">Transporter, The</subfield>
    <subfield code="c">20th Century Fox Presents</subfield>
    <subfield code="h">[videorecording] DVD/</subfield>
  </datafield>
  <datafield tag="260" ind1=" " ind2=" ">
    <subfield code="b">20th Century Fox Homeentertainment</subfield>
  </datafield>
  <datafield tag="300" ind1=" " ind2=" ">
    <subfield code="a">1 videodisc DVD; (92 min.) :</subfield>
    <subfield code="b">sd., col. ;</subfield>
    <subfield code="c">4 3/4 in.</subfield>
    <subfield code="f">DVD</subfield>
  </datafield>
  <datafield tag="440" ind1=" " ind2=" ">
    <subfield code="a">20th Centyry Fox Home Entertainment</subfield>
  </datafield>
  <datafield tag="500" ind1=" " ind2=" ">
    <subfield code="a">Sole Distributor in India M/s. Excel Productions Autio Visuals Pvt. Ltd.</subfield>
  </datafield>
  <datafield tag="500" ind1=" " ind2=" ">
    <subfield code="a">"A High Octane Thrill Ride"</subfield>
  </datafield>
  <datafield tag="500" ind1=" " ind2=" ">
    <subfield code="a">This DVD is Copy Protected</subfield>
  </datafield>
  <datafield tag="538" ind1=" " ind2=" ">
    <subfield code="a">Dolby Digital 5.1-English Subtitles: English, Korean, Cantonese, Thai, , Mandarin</subfield>
  </datafield>
  <datafield tag="538" ind1=" " ind2=" ">
    <subfield code="a">Aspect Ratio: 2.35:1, Presentation type: Wide Screen, Presentation Size 16x9  Format DVD 9 Dual Layer Single Sided Disc.</subfield>
  </datafield>
  <datafield tag="650" ind1=" " ind2=" ">
    <subfield code="a">Mothin Picture</subfield>
  </datafield>
  <datafield tag="700" ind1=" " ind2=" ">
    <subfield code="a">Statham, Jaosn</subfield>
  </datafield>
  <datafield tag="700" ind1=" " ind2=" ">
    <subfield code="a">Qi, Shu</subfield>
  </datafield>
  <datafield tag="700" ind1=" " ind2=" ">
    <subfield code="a">Berleand, Francois</subfield>
  </datafield>
  <datafield tag="700" ind1=" " ind2=" ">
    <subfield code="a">Schule, Matt</subfield>
  </datafield>
  <datafield tag="700" ind1=" " ind2=" ">
    <subfield code="a">Clarke, Stanely</subfield>
  </datafield>
  <datafield tag="700" ind1=" " ind2=" ">
    <subfield code="a">Tissander, Hugues</subfield>
  </datafield>
  <datafield tag="700" ind1=" " ind2=" ">
    <subfield code="a">Morel, Pierre</subfield>
  </datafield>
  <datafield tag="942" ind1=" " ind2=" ">
    <subfield code="c">CF</subfield>
    <subfield code="2">ddc</subfield>
    <subfield code="h">DVD</subfield>
    <subfield code="m">TRAN</subfield>
  </datafield>
  <datafield tag="999" ind1=" " ind2=" ">
    <subfield code="c">16908</subfield>
    <subfield code="d">16908</subfield>
  </datafield>
  <datafield tag="952" ind1=" " ind2=" ">
    <subfield code="0">0</subfield>
    <subfield code="1">0</subfield>
    <subfield code="2">ddc</subfield>
    <subfield code="4">0</subfield>
    <subfield code="7">0</subfield>
    <subfield code="a">L</subfield>
    <subfield code="b">L</subfield>
    <subfield code="d">2008-10-20</subfield>
    <subfield code="e">Purchase</subfield>
    <subfield code="g">499.00</subfield>
    <subfield code="l">2</subfield>
    <subfield code="o">DVD TRAN</subfield>
    <subfield code="p">DVD-001053</subfield>
    <subfield code="r">2008-11-28 00:00:00</subfield>
    <subfield code="s">2008-11-18</subfield>
    <subfield code="t">1</subfield>
    <subfield code="v">499.00</subfield>
    <subfield code="w">2008-10-20</subfield>
    <subfield code="y">CF</subfield>
  </datafield>
  <datafield tag="952" ind1=" " ind2=" ">
    <subfield code="0">0</subfield>
    <subfield code="1">0</subfield>
    <subfield code="2">ddc</subfield>
    <subfield code="4">0</subfield>
    <subfield code="7">0</subfield>
    <subfield code="a">ZLS</subfield>
    <subfield code="b">ZLS</subfield>
    <subfield code="d">2008-10-20</subfield>
    <subfield code="e">Purchase</subfield>
    <subfield code="g">499.00</subfield>
    <subfield code="l">41</subfield>
    <subfield code="m">2</subfield>
    <subfield code="o">DVD TRAN</subfield>
    <subfield code="p">DVD-001054</subfield>
    <subfield code="r">2015-10-05 00:00:00</subfield>
    <subfield code="s">2015-09-16</subfield>
    <subfield code="t">1</subfield>
    <subfield code="v">499.00</subfield>
    <subfield code="w">2008-10-20</subfield>
    <subfield code="y">CF</subfield>
  </datafield>
  <datafield tag="952" ind1=" " ind2=" ">
    <subfield code="0">0</subfield>
    <subfield code="1">0</subfield>
    <subfield code="2">ddc</subfield>
    <subfield code="4">0</subfield>
    <subfield code="7">0</subfield>
    <subfield code="a">BL1</subfield>
    <subfield code="b">BL1</subfield>
    <subfield code="d">2008-10-20</subfield>
    <subfield code="e">Purchase</subfield>
    <subfield code="g">499.00</subfield>
    <subfield code="l">27</subfield>
    <subfield code="o">DVD TRAN</subfield>
    <subfield code="p">DVD-001055</subfield>
    <subfield code="r">2013-11-24 00:00:00</subfield>
    <subfield code="s">2013-11-10</subfield>
    <subfield code="t">1</subfield>
    <subfield code="v">499.00</subfield>
    <subfield code="w">2008-10-20</subfield>
    <subfield code="y">CF</subfield>
  </datafield>
  <datafield tag="952" ind1=" " ind2=" ">
    <subfield code="0">0</subfield>
    <subfield code="1">0</subfield>
    <subfield code="2">ddc</subfield>
    <subfield code="4">0</subfield>
    <subfield code="7">0</subfield>
    <subfield code="a">L</subfield>
    <subfield code="b">L</subfield>
    <subfield code="d">2009-02-12</subfield>
    <subfield code="e">Purchase</subfield>
    <subfield code="g">499.00</subfield>
    <subfield code="l">24</subfield>
    <subfield code="o">DVD TRAN</subfield>
    <subfield code="p">DVD-001622</subfield>
    <subfield code="r">2013-03-08 00:00:00</subfield>
    <subfield code="s">2013-03-04</subfield>
    <subfield code="t">1</subfield>
    <subfield code="v">499.00</subfield>
    <subfield code="w">2009-02-12</subfield>
    <subfield code="y">CF</subfield>
  </datafield>
</record>
